1604 1771 1727 1257 1455 1617 1482 1388 1278 1856 1018 1469 1355 1466 1302 1265 1002 1272 1027 1480 1944 1805 1853 1526 1227 1131 1838 1869 1968 1263 1354 1174 1564 1086 1977 1074 1664 1346 1071 1648 1255 1544 1379 1285 1747 1616 1076 1457 1238 1232 1110 1135 1185 1290 1354 1555 1717 1703 1512 1443 1537 1359 1850 1254 1359 1302 1794 1244 1919 1236 1473 1884 1891 1286 1574 1661 1789 1725 1836 1726 1466 1665 1465 1239 1443 1658 1266 1105 1127 1559 1121 1812 1238 1548 1515 1269 1302 1240 1843 BCNSPRNW ULIB Ver.6.0+V

เปลี่ยนเป็นภาษาไทย

Change to English
 แสดงรายละเอียดบรรณานุกรม
  กลับหน้าหลัก

Brief Record : Get Marc (ISO 2709) : E-mail record : QR code < ปิดหน้าต่าง
LEADER : 00000nam 2200000uu 4500
001    13399124562
003     ULIB
008    150922s2558||||th 000 0 tha d
020    ^a9786167388779
060  4 ^aQV4^bน695ต
100 0  ^aนิสามณี สัตยาบัน
245 00 ^aตำราเรียนลัดเภสัชวิทยา=^bFast track in pharmacology /^cบรรณาธิการ,นิสามณี สัตยาบัน...[และคนอื่นๆ]
250    ^aพิมพ์ครั้งที่ 1
260    ^aกรุงเทพฯ :^bโครงการตำราวิทยาลัยแพทยศาสตร์พระมงกุฎเกล้า,^c2558.
300    ^a278 หน้า :^bภาพประกอบ ;^c26 ซม.
650  4 ^aPharmacology
700 0  ^aสุภัททา เต็มบุญเกียรติ,^eบรรณาธิการ
700 0  ^aเจนยุทธ ไชยสกกุล,^eบรรณาธิการ
700 0  ^aจีรานุช ตันคณิตเลิศ,^eบรรณาธิการ
700 0  ^aศราวุธ จินดารัตน์,^eบรรณาธิการ
700 0  ^aอนุพงษ์ กันธิวงศ์,^eบรรณาธิการ
710 2  ^aโครงการตำราวิทยาลัยแพทศาสตร์พระมงกฎเกล้า
945    ^p380^l0^i039856
945    ^p380^l0^i039855
945    ^p380^l0^i039854
999    ^aทศพร
รายการนี้ยังไม่มีแท็ก
คุณยังไม่ได้ล็อกอิน คุณสามารถมีกิจกรรมร่วมกับเว็บไซต์ได้ แต่ต้องล็อกอินก่อน ::
  ล็อกอิน

รายการสื่อสารสนเทศ

ลำดับที่ ประเภท เลขเรียก/บาร์โค้ด สถานที่ สถานะ
1. วิทยาศาสตร์การแพทย์ และสุขภาพ
วิทยาศาสตร์การแพทย์ และสุขภาพ
สถานะ=หนังสือเก่า
QV4 น695ต ฉ.1 
  Barcode: 039854
ห้องสมุดวิทยาเขตสวรรค์ประชารักษ์
►ส่วนจัดเก็บหนังสือเก่า สปร
บนชั้น
  ขอยืม
2. วิทยาศาสตร์การแพทย์ และสุขภาพ
วิทยาศาสตร์การแพทย์ และสุขภาพ
สถานะ=หนังสือเก่า
QV4 น695ต ฉ.2 
  Barcode: 039855
ห้องสมุดวิทยาเขตสวรรค์ประชารักษ์
►ส่วนจัดเก็บหนังสือเก่า สปร
บนชั้น
  ขอยืม
3. วิทยาศาสตร์การแพทย์ และสุขภาพ
วิทยาศาสตร์การแพทย์ และสุขภาพ
สถานะ=หนังสือเก่า
QV4 น695ต ฉ.3 
  Barcode: 039856
ห้องสมุดวิทยาเขตสวรรค์ประชารักษ์
►ส่วนจัดเก็บหนังสือเก่า สปร
บนชั้น
  ขอยืม

รายการใกล้เคียง
    ผู้แต่ง [นิสามณี สัตยาบัน]

    หัวเรื่อง [Pharmacology]

BibComment


ยังไม่เคยถูกคอมเมนท์

คอมเมนท์ทรัพยากรรายการนี้
  คอมเมนท์: ตำราเรียนลัดเภสั..


 Copyright 2026. Bcnsprnw @Library